00613nam a2200145Ia 4500008004100000050002400041100002100065245010600086260008600192300002900278521002700307942000700334999001900341952010700360140724s9999 xx 000 0 und d aQA 76.5b.L732 2007 aLim, Lorenzo GH. aSouthville International School and Colleges Science Laboratory Inventory System /cLorenzo G.H. Lim. aLas Piñas, Philippines :bSouthville International School and Colleges,cc2007. a119 p. :bill. ;c28 cm. aInformation Technology cTH c229224d229224 001040aCLbCLcTHESESd2014-07-24l0oQA 76.5 .L732 2007pT0578r2017-03-23 00:00:00w2014-07-24yTH